<The> Costs system like a part of the company managerial information system

Zdôvodnenie nutnosti vedenia nákladového systému podniku v softvérovom prostredí manažérskeho informačného systému. Zabezpečenie aktuálnych a relevantných informácií o nákladoch patrí v súčasnosti ku konkurenčným výhodám podniku. Aplikácia manažérskych informačných systémov v oblasti nákladov umožňu...

Ausführliche Beschreibung

Gespeichert in:
Bibliographische Detailangaben
1. Verfasser: Kučera, Milan
Weitere Verfasser: Škorecová, Emília, Látečková, Anna
Format: Buchkapitel
Sprache:Englisch
Schlagworte:
Tags: Tag hinzufügen
Keine Tags, Fügen Sie das erste Tag hinzu!

MARC

LEADER 00000naa$a2200000$$$4500
001 0033691
005 20231113141658.2
041 0 |a eng 
044 |a CZ 
245 1 0 |a <The> Costs system like a part of the company managerial information system  |c Milan Kučera, Emília Škorecová, Anna Látečková 
520 |a Zdôvodnenie nutnosti vedenia nákladového systému podniku v softvérovom prostredí manažérskeho informačného systému. Zabezpečenie aktuálnych a relevantných informácií o nákladoch patrí v súčasnosti ku konkurenčným výhodám podniku. Aplikácia manažérskych informačných systémov v oblasti nákladov umožňuje túto konkurenčnú výhodu dosiahnuť. Obsah nákladového systému. 
610 2 0 |a podnik poľnohospodársky 
610 2 0 |a riadenie 
610 2 0 |a náklady 
610 2 0 |a analýza nákladov 
610 2 0 |a systémy informačné riadiace 
610 2 0 |a výhody konkurenčné 
610 2 0 |a Slovensko 
610 2 0 |a Európska únia 
100 1 |a Kučera, Milan 
700 1 |a Škorecová, Emília 
700 1 |a Látečková, Anna